Normal view
MARC view
Entry Topical Term
001 - CONTROL NUMBER
- control field: 10480
003 - CONTROL NUMBER IDENTIFIER
- control field: OSt
005 - DATE AND TIME OF LATEST TRANSACTION
- control field: 20160726184952.0
008 - FIXED-LENGTH DATA ELEMENTS
- fixed length control field: 160726|| aca||aabn | a|a d
040 ## - CATALOGING SOURCE
- Original cataloging agency: OSt
- Transcribing agency: OSt
150 ## - HEADING--TOPICAL TERM
- Topical term or geographic name entry element: Physical fitness
- General subdivision: Psychological aspects.
670 ## - SOURCE DATA FOUND
- Source citation: Work cat.: (OSt)4876: Sallis, James F. 10476, Physical activity & behavioral medicine /, 1999.
